Autonomie und Archiv: der Aufbau einer Überlieferung für die Institutionen der Deutschsprachigen Gemeinschaft Belgiens im Staatsarchiv Eupen

Titel: Autonomie und Archiv: der Aufbau einer Überlieferung für die Institutionen der Deutschsprachigen Gemeinschaft Belgiens im Staatsarchiv Eupen
Verfasser:
In: Deutscher Archivtag (88. : 2018 : Rostock): Verlässlich, richtig, echt - Demokratie braucht Archive!, (2019), Seite 21-30
alle Artikel anzeigen
Veröffentlicht: Fulda : Selbstverlag des VdA, 2019
Format: Aufsatz
Sprache: Deutsch
Kein Bild verfügbar
X
alg: 45505857
001A    $03036:05-11-19 
001B    $01999:05-11-19 $t22:46:34.000 
001D    $03036:05-11-19 
001U    $0utf8 
001X    $00 
002@    $0Aou 
002C    $aText $btxt $2rdacontent 
002D    $aohne Hilfsmittel zu benutzen $bn $2rdamedia 
002E    $aBand $bnc $2rdacarrier 
003@    $0455058571 
007A    $0455058571 $aHEB 
010@    $ager 
010E    $erda 
011@    $a2019 
021A    $aAutonomie und Archiv: der Aufbau einer Überlieferung für die Institutionen der Deutschsprachigen Gemeinschaft Belgiens im Staatsarchiv Eupen 
028A    $BVerfasser $#Quadflieg, Peter Maria $#Quadflieg, Peter $4aut $7133604500 $8Quadflieg, Peter M.$Z1982- [Tp1] $919213647X 
031A    $h21-30 $j2019 
033A    $pFulda $nSelbstverlag des VdA 
039B    $aEnthalten in $8--Aau--Deutscher Archivtag$n88.$d2018$cRostock [Tf3]. Verlässlich, richtig, echt - Demokratie braucht Archive!. - 1. Auflage. - Fulda : Selbstverlag des VdA, 2019. - 183 Seiten. - Illustrationen, Diagramme. - ISBN 978-3-9818504-2-0 $x201900000000000979 $9453066283 

lok: 45505857 105

exp: 45505857 105 1 #EPN
201B/01 $005-11-19 $t11:37:14.000 
201C/01 $005-11-19 
201U/01 $0utf8 
203@/01 $01066862494 
208@/01 $a05-11-19 $be 
209A/01 $a/ $f106 $x00 
237A/01 $aSignatur Archivschule Marburg: AD 20.4, 23 
245Z/01 $a4.02.02. $bArchivwesen Europas / Belgien / Archive und Archivbestände $x04 
247C/01 $8->Marburg, Bibliographie zum Archivwesen der Archivschule Marburg $939588196X
LEADER 00000caa a2200000 c 4500
001 455058571
003 DE-603
005 20191105224634.0
007 tu
008 191105s2019 xx |||| | u00||u|ger c
035 |a (DE-599)HEB455058571 
040 |a DE-603  |b ger  |c DE-603  |d DE-603  |e rda 
041 |a ger 
100 1 |a Quadflieg, Peter M.  |d 1982-  |e Verfasser  |4 aut  |0 (DE-603)19213647X  |0 (DE-588)133604500  |2 gnd 
245 0 0 |a Autonomie und Archiv: der Aufbau einer Überlieferung für die Institutionen der Deutschsprachigen Gemeinschaft Belgiens im Staatsarchiv Eupen 
264 1 |a Fulda  |b Selbstverlag des VdA  |c 2019 
336 |a Text  |b txt  |2 rdacontent 
337 |a ohne Hilfsmittel zu benutzen  |b n  |2 rdamedia 
338 |a Band  |b nc  |2 rdacarrier 
773 0 8 |i Enthalten in  |a Deutscher Archivtag (88. : 2018 : Rostock)  |t Verlässlich, richtig, echt - Demokratie braucht Archive!  |b 1. Auflage  |d Fulda : Selbstverlag des VdA, 2019  |h 183 Seiten, Illustrationen, Diagramme  |z 9783981850420  |g (2019), Seite 21-30  |w (DE-603)453066283 
924 0 |9 -  |a (DE-603)1066862494  |b DE-  |c HES  |d d  |g /